00351nam a2200133Ia 4500008004100000020001500041041001200056082001600068100001300084245006600097260002500163300000800188650002100196221030s9999 xx 000 0 und d a8120308689 aEnglish a105.23bKos aB. Kosko 0aNeural Networks & Fuzzy Systems ( DEPARTMENTAL )cby B. Kosko bPHIaNew Delhic2006 a449 aCSE Departmental